000
00356nam a2200133Ia 4500
008
231129s9999||||xx |||||||||||||| ||spa||
020
_a
958-04-2072-6
040
_b
spa
082
_a
(i) 808.068543 I35yo
100
_a
Inkiow Dimiter
245
0
_a
Yo clara y el papagayo pipo
264
_a
Norma
942
_2
ddc
_c
BKS
999
_c
26494
_d
26494